Ispytanija, kontrol' i diagnostirovanije gibkich proizvodstvennych sistem Sbornik naučnych trudov
Gespeichert in:
| Weitere Verfasser: | , |
|---|---|
| Format: | Buch |
| Sprache: | Russisch |
| Veröffentlicht: |
Moskva
Nauka
1988
|
| Ausgabe: | 1. izd. |
| Schriftenreihe: | Robototechnika i gibkije proizvodstvennyje sistemy
|
| Tags: |
Keine Tags, Fügen Sie das erste Tag hinzu!
|
MARC
| LEADER | 00000nam a2200000 4500 | ||
|---|---|---|---|
| 001 | c025802 | ||
| 005 | 20221219130058.9 | ||
| 041 | 0 | |a rus | |
| 044 | |a RU | ||
| 245 | 1 | 0 | |a Ispytanija, kontrol' i diagnostirovanije gibkich proizvodstvennych sistem |b Sbornik naučnych trudov |c Red. I.M. Makarov, Je.G. Nachapetjan |
| 250 | |a 1. izd. | ||
| 264 | 1 | |a Moskva |b Nauka |c 1988 | |
| 300 | |a 284 s. | ||
| 490 | 1 | |a Robototechnika i gibkije proizvodstvennyje sistemy | |
| 830 | 0 | |a Robototechnika i gibkije proizvodstvennyje sistemy | |
| 700 | 1 | |a Makarov, I.M. | |
| 700 | 1 | |a Nachapetjan, Je.G. | |